Statistieken voor Provincies van België met kaart

Klik hier om de quiz te nemen!

Algemene statistieken

  • Deze quiz is 61 keer genomen
  • De gemiddelde score is 10 van 11

Antwoorden op de kaart

Antwoorden kleurgecodeerd door een groen-rode schaal op de quizkaart volgens % correct hieronder.
 

Antwoordstatistieken

Provincie% Correct
Vlaams GewestAntwerpen
98%
Hoofdstedelijk GewestBrussel
98%
Waals GewestLuik
94%
Vlaams GewestOost-Vlaanderen
94%
Vlaams GewestWest-Vlaanderen
94%
Vlaams GewestLimburg
92%
Waals GewestLuxemburg
92%
Waals GewestNamen
92%
Vlaams GewestVlaams-Brabant
92%
Waals GewestWaals-Brabant
92%
Waals GewestHenegouwen
88%

Scoreverdeling

Percentiel versus Aantal Correcte Antwoorden

Procent van Mensen met Elke Score

Uw Scoregeschiedenis

U heeft deze quiz nog niet genomen